| 000 -LEADER |
| fixed length control field |
00642nam a22001817a 4500 |
| 005 - DATE AND TIME OF LATEST TRANSACTION |
| control field |
20231025102055.0 |
| 008 - FIXED-LENGTH DATA ELEMENTS--GENERAL INFORMATION |
| fixed length control field |
231025s1981 ru ||||| |||| 00| 0 rus d |
| 041 ## - LANGUAGE CODE |
| Language code of text/sound track or separate title |
rus |
| 080 ## - UNIVERSAL DECIMAL CLASSIFICATION NUMBER |
| Universal Decimal Classification number |
94(37) K-20 |
| 100 ## - MAIN ENTRY--PERSONAL NAME |
| Personal name |
Кнабе Г. С. |
| 9 (RLIN) |
20236 |
| 245 ## - TITLE STATEMENT |
| Title |
КОРНЕЛИЙ ТАЦИТ : |
| Remainder of title |
Время. Жизнь. Книги / |
| Statement of responsibility, etc. |
Г. С. Кнабе. |
| 264 ## - PRODUCTION, PUBLICATION, DISTRIBUTION, MANUFACTURE, AND COPYRIGHT NOTICE |
| Place of production, publication, distribution, manufacture |
М.; |
| Name of producer, publisher, distributor, manufacturer |
Наука, |
| Date of production, publication, distribution, manufacture, or copyright notice |
1981. |
| 300 ## - PHYSICAL DESCRIPTION |
| Extent |
208 стр.: |
| Other physical details |
20 cм. |
| 440 ## - SERIES STATEMENT/ADDED ENTRY--TITLE |
| Title |
Научные биографии |
| 9 (RLIN) |
20237 |
| 653 ## - INDEX TERM--UNCONTROLLED |
| keyword |
ისტორია |
| 856 ## - ELECTRONIC LOCATION AND ACCESS |
| Uniform Resource Identifier |
https://imwerden.de/pdf/knabe_cornelius_tacitus_1981_text.pdf |
| Link text |
pdf, ელ ვერსია |
| 942 ## - ADDED ENTRY ELEMENTS (KOHA) |
| Source of classification or shelving scheme |
|
| Koha item type |
წიგნი |